000 00642nam a22002177a 4500
005 20160704114114.0
008 160704b xxu||||| |||| 00| 0 eng d
020 _a9789384082062
_c795.00
040 _aLoreto College
041 _aEnglish
082 _a954.03
_bDAS
100 _aDasgupta, Sabyasachi
245 _aIn defence of honour and justice
_bSepoy rebellions in the nineteenth century
_cSabyasachi Dasgupta
260 _aDelhi
_bPrimus Books
_c2015
300 _ax,143p
_b22cm
504 _aIncludes bibliographical references and index
650 _aSepoy mutiny
650 _aHistory-India
850 _aLCLIB
942 _cBK
999 _c40628
_d91107